000 00436nam a2200121Ia 4500
008 220620s9999||||xx |||||||||||||| ||und||
100 _aRademacher, Anne
245 0 _aBuilding Green
546 _aEnglish[eng]
650 _aSocial Science||Anthropology||General||Science||Environmental Science (see Also Chemistry||Environmental)
856 _uhttps://library.oapen.org/bitstream/20.500.12657/43761/1/external_content.pdf
942 _cEB
999 _c26678
_d26678